000 00458 a2200193 4500
001 132895
020 _a85-06-01409-3
040 _cLeonardo Da Vinci
041 _aPortuguês
082 _aI C751m
_bC751m
100 _aCONDINI, Paulo
245 _aMica festeira
260 _bMelhoramentos
_c1990
_aSão Paulo
362 _a19900000
490 _aDegraus
500 _aRogério Borges (Ilustração)
697 _aLiteratura infantil
942 _cBK
999 _c132895
_d132895